| 000 | 00509 a2200217 4500 | ||
|---|---|---|---|
| 260 | _aNew york | ||
| 100 | _aAVERY,Thomas Eugene | ||
| 700 | 1 | _aBERLIN,Graydon Lennis | |
| 260 | _bMcmillian Publishing Company | ||
| 245 | _aInterpretation of aerial photographs | ||
| 300 | _a554p. | ||
| 650 | _aPHOTOGRAPHIE | ||
| 650 | _aPHOTOINTERPRETATION | ||
| 650 | _aCARTOGRAPHIE | ||
| 260 | _c1985 | ||
| 130 | _lEN | ||
| 250 | _aFourth Edition | ||
| 020 | _a0-02-305030-6 | ||
| 999 |
_c22691 _d22691 |
||